[Event "36th Rilton Cup"]
[Site "Stockholm SWE"]
[Date "2006.12.28"]
[Round "2.5"]
[White "Hamark, Jesper"]
[Black "Gleizerov, Evgeny"]
[Result "0-1"]
[WhiteElo "2369"]
[BlackElo "2560"]
[EventDate "2006.12.27"]
[PlyCount "150"]

1.Nf3 d5 2.d4 c6 3.c4 dxc4 4.e3 Be6 5.Nc3 b5 6.a4 b4 7.Na2 a5 8.Ng5 Bc8 9.
Qh5 g6 10.Qf3 Nf6 11.Bxc4 e6 12.Bd2 Bg7 13.Nc1 O-O 14.Nb3 Nd5 15.Ne4 Nb6 
16.Be2 e5 17.O-O Be6 18.Nec5 Bd5 19.e4 Bxb3 20.Qxb3 exd4 21.Rac1 N8d7 22.
Bd3 Ne5 23.f4 Nxd3 24.Nxd3 Rc8 25.f5 Qe7 26.e5 gxf5 27.Nf4 Kh8 28.Qh3 Bxe5
29.Rce1 Nc4 30.Bc1 Rce8 31.Qxf5 Ne3 32.Bxe3 dxe3 33.Nd3 e2 34.Rf3 Bd4+ 35.
Kh1 Qe4 36.Qxa5 c5 37.Qc7 Re7 38.Qd6 Qe6 39.Qg3 Rg8 40.Qh4 Rg4 41.Qh3 Re4 
42.Qh5 Re3 43.Nf4 Rxf3 44.Qxf3 Qe4 45.Qxe2 Qxe2 46.Rxe2 Rxe2 47.Nxe2 Bxb2 
48.a5 Be5 49.a6 Bb8 50.Kg1 Kg7 51.Kf2 Kf6 52.Ke3 Ke5 53.Kd3 Kd5 54.Nf4+ 
Kc6 55.a7 Bxa7 56.Kc4 Bb8 57.Nd3 Bd6 58.h3 h5 59.g4 h4 60.Ne1 Kd7 61.Kd5 
Be7 62.Nd3 Ke8 63.Kc4 Kf8 64.Nf4 Kg7 65.Nd5 Bd6 66.Ne3 Bg3 67.Nf5+ Kf6 68.
Nh6 Ke6 69.Nf5 Bf2 70.Nh6 f6 71.Nf5 Ke5 72.Ne7 Ke4 73.Ng8 Bd4 74.Ne7 Kf3 
75.Nf5 Bf2 0-1

[Event "36th Rilton Cup"]
[Site "Stockholm SWE"]
[Date "2006.12.28"]
[Round "2.6"]
[White "Hillarp Persson, Tiger"]
[Black "Eriksson, Jorgen"]
[Result "1-0"]
[WhiteElo "2600"]
[BlackElo "2265"]
[EventDate "2006.12.27"]
[PlyCount "67"]

1.d4 e6 2.c4 f5 3.Nf3 Nf6 4.h3 c6 5.g4 d5 6.Nc3 Bd6 7.Rg1 O-O 8.Bg5 dxc4 
9.e3 b5 10.a4 Bb4 11.gxf5 exf5 12.Bh6 g6 13.Bxf8 Kxf8 14.Nd2 Qd7 15.Bg2 
Bb7 16.Kf1 Be7 17.Rc1 Na6 18.Qf3 Rb8 19.Qf4 Kg7 20.axb5 cxb5 21.Bxb7 Rxb7 
22.Nf3 Nb4 23.Ne5 Qe6 24.Qf3 Nbd5 25.h4 Bd6 26.Nxd5 Nxd5 27.Nxg6 hxg6 28.
h5 Kf7 29.Rxg6 Qe4 30.Qxe4 fxe4 31.Rxd6 Nb4 32.Ke2 Rb8 33.Rg1 Nd3 34.h6 
1-0

[Event "36th Rilton Cup"]
[Site "Stockholm SWE"]
[Date "2006.12.28"]
[Round "2.7"]
[White "Marttala, Thomas"]
[Black "Fontaine, Robert"]
[Result "0-1"]
[WhiteElo "2299"]
[BlackElo "2557"]
[EventDate "2006.12.27"]
[PlyCount "64"]

1.e4 e5 2.Bc4 Nf6 3.d3 c6 4.Nf3 d5 5.Bb3 Bd6 6.O-O O-O 7.Nc3 dxe4 8.Nxe4 
Nxe4 9.dxe4 h6 10.h3 Qe7 11.Nh2 Nd7 12.Qh5 Nc5 13.Ng4 Nxb3 14.axb3 Bxg4 
15.hxg4 Bc5 16.Re1 Rad8 17.g5 f5 18.gxh6 f4 19.Kf1 Rd6 20.hxg7 Qxg7 21.b4 
Bxb4 22.c3 Bc5 23.Qf3 Rfd8 24.b4 Bb6 25.c4 Bd4 26.Ra3 Rh6 27.c5 Kh7 28.Ke2
Rg8 29.Rxa7 Qf7 30.Kd1 Rh2 31.Rg1 Rg7 32.Bd2 Qc4 0-1

[Event "36th Rilton Cup"]
[Site "Stockholm SWE"]
[Date "2006.12.28"]
[Round "2.8"]
[White "Cicak, Slavko"]
[Black "Johansson, Carl-Fredrik"]
[Result "0-1"]
[WhiteElo "2545"]
[BlackElo "2191"]
[EventDate "2006.12.27"]
[PlyCount "84"]

1.e4 e6 2.b3 b6 3.c4 d5 4.cxd5 exd5 5.e5 Ne7 6.Nf3 Ng6 7.d4 Bb4+ 8.Bd2 Be7
9.Nc3 O-O 10.h4 c5 11.h5 cxd4 12.Nb5 Nxe5 13.Nxe5 Bf6 14.f4 Bh4+ 15.Ke2 
Nc6 16.Kf3 Qe7 17.Bd3 Qxe5 18.Rxh4 Qf6 19.Kg3 Ne7 20.Bb4 Re8 21.Nd6 Ng6 
22.hxg6 Re3+ 23.Qf3 Rxf3+ 24.gxf3 fxg6 25.Rah1 h6 26.Nxc8 Rxc8 27.Rg4 g5 
28.Re1 a5 29.fxg5 hxg5 30.Be7 Qf7 31.Bxg5 Rc3 32.Rd1 Qe6 33.Bf4 Rxd3 34.
Rf1 Rc3 35.Bd2 Qe5+ 36.Bf4 Qe2 37.Rf2 Qe6 38.Rg5 d3 39.Re5 Qg6+ 40.Rg5 Qe6
41.Be5 Rc2 42.Rf1 Qh6 0-1

[Event "36th Rilton Cup"]
[Site "Stockholm SWE"]
[Date "2006.12.28"]
[Round "2.9"]
[White "Ulybin, Mikhail"]
[Black "Ask, Josef"]
[Result "1-0"]
[WhiteElo "2506"]
[BlackElo "2219"]
[EventDate "2006.12.27"]
[PlyCount "71"]

1.d4 d5 2.c4 c6 3.Nf3 Nf6 4.Nc3 g6 5.cxd5 cxd5 6.Bf4 Bg7 7.e3 O-O 8.Be2 
Nc6 9.Ne5 e6 10.Nxc6 bxc6 11.O-O Nd7 12.Rc1 e5 13.dxe5 Nxe5 14.Na4 Bd7 15.
h3 Rb8 16.Qd2 f5 17.Nc5 Rf7 18.Rc2 Rb6 19.Rfc1 h6 20.a4 Kh7 21.b4 Be8 22.
a5 Rb8 23.Ne6 Qf6 24.Nxg7 Kxg7 25.Qd4 Re7 26.b5 Rc8 27.bxc6 Nxc6 28.Bxh6+ 
Kf7 29.Qxd5+ Re6 30.Bc4 Nd8 31.Qd3 Rxc4 32.Rxc4 g5 33.Rc7+ Kg6 34.Bg7 Rd6 
35.Bxf6 Rxd3 36.Bxd8 1-0

[Event "36th Rilton Cup"]
[Site "Stockholm SWE"]
[Date "2006.12.28"]
[Round "2.10"]
[White "Evertsson, Lennart"]
[Black "Brynell, Stellan"]
[Result "0-1"]
[WhiteElo "2159"]
[BlackElo "2624"]
[EventDate "2006.12.27"]
[PlyCount "82"]

1.Nf3 Nf6 2.c4 c5 3.Nc3 Nc6 4.g3 e6 5.Bg2 d5 6.O-O d4 7.Nb1 e5 8.d3 h6 9.
Na3 Bd6 10.Nc2 O-O 11.Rb1 Re8 12.e4 dxe3 13.Nxe3 Bf8 14.a3 Be6 15.b4 Qc7 
16.b5 Nd4 17.Nd2 Rad8 18.Ne4 Nxe4 19.Bxe4 f5 20.Bg2 Qf7 21.f4 e4 22.Kh1 
exd3 23.b6 axb6 24.Qxd3 b5 25.cxb5 c4 26.Qc3 Nb3 27.Re1 Rd3 28.Qc2 Red8 
29.g4 Nd4 30.Qf2 Bc5 31.Qh4 Be7 32.Qf2 fxg4 33.Be4 Nf3 34.Bxf3 gxf3 35.f5 
Bxf5 36.Nxf5 Qxf5 37.Bxh6 gxh6 38.Rxe7 Rd1+ 39.Rxd1 Rxd1+ 40.Re1 Rxe1+ 41.
Qxe1 Qg6 0-1

[Event "36th Rilton Cup"]
[Site "Stockholm SWE"]
[Date "2006.12.28"]
[Round "2.11"]
[White "Bindrich, Falko"]
[Black "Jansson, Anders Owen"]
[Result "1-0"]
[WhiteElo "2482"]
[BlackElo "2159"]
[EventDate "2006.12.27"]
[PlyCount "61"]

1.Nf3 d6 2.e4 Nf6 3.Nc3 g6 4.d4 Bg7 5.Be2 O-O 6.O-O Bg4 7.Bg5 h6 8.Be3 Nc6
9.Qd2 Kh7 10.Rad1 e5 11.d5 Ne7 12.h3 Bd7 13.h4 Ng4 14.Nh2 Nxe3 15.fxe3 f5 
16.h5 Qe8 17.Bd3 gxh5 18.exf5 Nxf5 19.Ne4 Kh8 20.Rf3 h4 21.Rdf1 Qh5 22.Qb4
b6 23.Qc3 Rfc8 24.Ba6 c6 25.Bxc8 Rxc8 26.Rxf5 Bxf5 27.Nxd6 e4 28.Qd2 Rf8 
29.dxc6 h3 30.c7 Be5 31.Rxf5 1-0

[Event "36th Rilton Cup"]
[Site "Stockholm SWE"]
[Date "2006.12.28"]
[Round "2.12"]
[White "Andersson, Fredrik"]
[Black "Karlsson, Lars"]
[Result "0-1"]
[WhiteElo "2344"]
[BlackElo "2531"]
[EventDate "2006.12.27"]
[PlyCount "92"]

1.e4 c5 2.Nc3 Nc6 3.Bb5 g6 4.Bxc6 bxc6 5.f4 Bg7 6.Nf3 d6 7.O-O Nh6 8.d3 f5
9.Qe1 Nf7 10.Kh1 O-O 11.Bd2 Rb8 12.b3 e5 13.Rd1 exf4 14.exf5 Re8 15.Ne2 g5
16.g4 h5 17.h3 hxg4 18.hxg4 c4 19.dxc4 c5 20.Kg1 Bb7 21.Qf2 Ne5 22.Nxe5 
Bxe5 23.Rfe1 Qf6 24.Kf1 Re7 25.Bc3 f3 26.Ng3 Bxc3 27.Nh5 Rxe1+ 28.Rxe1 Qd4
29.Qxd4 Bxd4 30.Re7 Bc6 31.f6 Kf8 32.Rh7 Re8 33.Rh8+ Kf7 34.Rh7+ Ke6 35.
Rc7 Bxf6 36.Rxc6 Bd4 37.Ng3 Ke5 38.Rc7 Kf4 39.Nh5+ Kxg4 40.Ng7 Re2 41.c3 
Bxc3 42.Rd7 Re8 43.Kf2 Re2+ 44.Kf1 Rd2 45.Ne6 Kg3 46.Nxg5 Rd1# 0-1

[Event "36th Rilton Cup"]
[Site "Stockholm SWE"]
[Date "2006.12.28"]
[Round "2.13"]
[White "Howell, David"]
[Black "Steneskog, Per"]
[Result "1-0"]
[WhiteElo "2471"]
[BlackElo "2246"]
[EventDate "2006.12.27"]
[PlyCount "64"]

1.e4 e6 2.d4 d5 3.Nd2 c5 4.exd5 Qxd5 5.Ngf3 cxd4 6.Bc4 Qd6 7.Qe2 Nc6 8.Ne4
Qb4+ 9.Bd2 Qb6 10.O-O Nf6 11.b4 Nxe4 12.Qxe4 Bxb4 13.Qg4 Kf8 14.Rab1 Qc5 
15.Rxb4 Nxb4 16.Qxd4 Qxd4 17.Bxb4+ Ke8 18.Nxd4 a6 19.a4 b6 20.f4 g6 21.Rb1
Bd7 22.Bd6 Bxa4 23.Rxb6 a5 24.Rb7 Bd7 25.Nb5 Rc8 26.Be5 Ke7 27.Nd6 f6 28.
Nxc8+ Rxc8 29.Bc7 Ra8 30.Bb8 Kd8 31.Ba7 Kc8 32.Ba6 Kd8 1-0

[Event "36th Rilton Cup"]
[Site "Stockholm SWE"]
[Date "2006.12.28"]
[Round "2.14"]
[White "Smith, Axel"]
[Black "Akesson, Ralf"]
[Result "1-0"]
[WhiteElo "2319"]
[BlackElo "2582"]
[EventDate "2006.12.27"]
[PlyCount "80"]

1.e4 c5 2.Nf3 e6 3.d4 cxd4 4.Nxd4 a6 5.Bd3 g6 6.c4 Bg7 7.Ne2 Nf6 8.Nbc3 
O-O 9.O-O Nc6 10.Be3 d5 11.cxd5 exd5 12.exd5 Nxd5 13.Nxd5 Qxd5 14.Nc3 Qd8 
15.Be4 Be6 16.Qc1 Rc8 17.Rd1 Qh4 18.Bg5 Qh5 19.Bf3 Bg4 20.Bxg4 Qxg4 21.h3 
Qf5 22.Rd5 Qe6 23.Qd2 Rfe8 24.Rd6 Qf5 25.Nd5 Re5 26.Rxc6 Rxc6 27.Ne7+ Rxe7
28.Bxe7 h5 29.Rc1 Rxc1+ 30.Qxc1 Bd4 31.Bh4 Qe4 32.Bg3 h4 33.Bf4 Qe2 34.Be3
Bxb2 35.Qc5 Bf6 36.Qd5 Qe1+ 37.Kh2 Qb4 38.f4 Qe1 39.Bd4 Bxd4 40.Qxd4 Qe6 
1-0

[Event "36th Rilton Cup"]
[Site "Stockholm SWE"]
[Date "2006.12.28"]
[Round "2.15"]
[White "Ernst, Thomas"]
[Black "Zadruzny, Nicolaj"]
[Result "1/2-1/2"]
[WhiteElo "2508"]
[BlackElo "2326"]
[EventDate "2006.12.27"]
[PlyCount "58"]

1.d4 Nf6 2.c4 e6 3.Nc3 Bb4 4.e3 c5 5.Bd3 Nc6 6.Nf3 Bxc3+ 7.bxc3 d6 8.O-O 
O-O 9.e4 e5 10.d5 Ne7 11.Nd2 Ng6 12.g3 Bh3 13.Re1 Ne8 14.f3 Qc8 15.Bf1 Bd7
16.Bg2 f5 17.exf5 Bxf5 18.Ne4 Qc7 19.Bd2 Nf6 20.Nf2 Rae8 21.a4 Re7 22.Qb3 
Rfe8 23.Re3 Rf7 24.Re2 Rfe7 25.Rae1 h6 26.Qa2 Kf7 27.a5 Kf8 28.Re3 Kf7 29.
R3e2 Kf8 1/2-1/2

[Event "36th Rilton Cup"]
[Site "Stockholm SWE"]
[Date "2006.12.28"]
[Round "2.16"]
[White "Nygren, David"]
[Black "Bellon Lopez, Juan Manuel"]
[Result "0-1"]
[WhiteElo "2238"]
[BlackElo "2516"]
[EventDate "2006.12.27"]
[PlyCount "56"]

1.e4 c5 2.a3 e6 3.b4 cxb4 4.axb4 Nf6 5.e5 Nd5 6.b5 d6 7.c4 Nb4 8.exd6 Qxd6
9.Ra3 a5 10.Bb2 b6 11.Nf3 Bb7 12.Re3 Nd7 13.Ne5 Be7 14.Nxd7 Qxd7 15.Bxg7 
Rg8 16.Be5 Bc5 17.Rg3 Rxg3 18.hxg3 Be4 19.d3 O-O-O 20.Bf6 Bxd3 21.Bxd3 
Nxd3+ 22.Ke2 Nc1+ 23.Qxc1 Qd3+ 24.Ke1 Qe4+ 25.Kf1 Qf5 26.f3 Qd3+ 27.Ke1 
Be3 28.Qc3 Qd1# 0-1

[Event "36th Rilton Cup"]
[Site "Stockholm SWE"]
[Date "2006.12.28"]
[Round "2.17"]
[White "Lindberg, Bengt"]
[Black "Blomqvist, Erik"]
[Result "1/2-1/2"]
[WhiteElo "2484"]
[BlackElo "2314"]
[EventDate "2006.12.27"]
[PlyCount "101"]

1.e4 e6 2.d4 d5 3.Nc3 Bb4 4.e5 c5 5.a3 Bxc3+ 6.bxc3 Ne7 7.Qg4 O-O 8.Bd3 
Nbc6 9.Bg5 Qa5 10.Ne2 Re8 11.Bh6 Ng6 12.Bd2 Qa4 13.Qg3 cxd4 14.f4 dxc3 15.
Nxc3 Qd4 16.Rb1 a6 17.Ne2 Qc5 18.h4 Nge7 19.h5 Nf5 20.Qh3 b5 21.g4 Nfd4 
22.Nxd4 Nxd4 23.Kd1 Nc6 24.g5 Ra7 25.g6 fxg6 26.Bxg6 Rf8 27.Rb3 h6 28.Qg2 
Ne7 29.Rg1 Kh8 30.Bd3 Nf5 31.Kc1 Qd4 32.Kb1 Rc7 33.Qg6 Qf2 34.Ba5 Rb7 35.
Bb4 Rg8 36.Bxf5 exf5 37.Rbg3 Qxf4 38.e6 Rb6 39.Qf7 Bxe6 40.Qe7 Qe5 41.Rg6 
Rc6 42.Re1 Qh2 43.Rgxe6 Qxc2+ 44.Ka1 Rxe6 45.Qxe6 Qd3 46.Kb2 f4 47.Qxa6 f3
48.Qg6 Qc4 49.Re8 f2 50.Rxg8+ Kxg8 51.Qe8+ 1/2-1/2

[Event "36th Rilton Cup"]
[Site "Stockholm SWE"]
[Date "2006.12.28"]
[Round "2.18"]
[White "Adler, Bo"]
[Black "Berczes, David"]
[Result "0-1"]
[WhiteElo "2145"]
[BlackElo "2415"]
[EventDate "2006.12.27"]
[PlyCount "69"]

1.d4 Nf6 2.c4 e6 3.Nc3 Bb4 4.f3 d5 5.a3 Bxc3+ 6.bxc3 c5 7.cxd5 exd5 8.e3 
Qc7 9.Ne2 O-O 10.Ng3 h5 11.Be2 h4 12.Nf1 Bf5 13.g3 Nc6 14.gxh4 Na5 15.Ng3 
Bg6 16.O-O Rfe8 17.h5 Nxh5 18.Nxh5 Bxh5 19.Bd3 cxd4 20.cxd4 Nc4 21.Qe1 Re6
22.Bf5 Rf6 23.e4 Qb6 24.Be3 Re8 25.Rb1 Qa6 26.Rb3 Bg6 27.Bd7 Nxe3 28.Bxe8 
Qxf1+ 29.Qxf1 Nxf1 30.Kxf1 dxe4 31.d5 b6 32.Bc6 Kf8 33.Kf2 Ke7 34.Kg3 Kd6 
35.f4 0-1

[Event "36th Rilton Cup"]
[Site "Stockholm SWE"]
[Date "2006.12.28"]
[Round "2.19"]
[White "Grandelius, Nils"]
[Black "Berczes, Csaba"]
[Result "0-1"]
[WhiteElo "2308"]
[BlackElo "2414"]
[EventDate "2006.12.27"]
[PlyCount "114"]

1.e4 c5 2.Nf3 Nc6 3.d4 cxd4 4.Nxd4 Qc7 5.Nc3 e6 6.Be3 Nf6 7.Bd3 a6 8.O-O 
Bd6 9.f4 Nxd4 10.e5 Nc6 11.exd6 Qxd6 12.Qe1 b5 13.Rd1 Qe7 14.f5 e5 15.Ne4 
Nxe4 16.Bxe4 Bb7 17.Qc3 Rc8 18.Bc5 Nd4 19.Bxe7 Ne2+ 20.Kh1 Nxc3 21.Bxb7 
Nxd1 22.Bd6 Ne3 23.Bxc8 Nxf1 24.Bxe5 Ke7 25.Bxa6 Ne3 26.Bxb5 Rc8 27.Bd3 
Nxc2 28.Bc3 Ne3 29.h3 f6 30.Kh2 Nd5 31.Bd2 Kd6 32.a4 Rb8 33.Bb5 Kc5 34.Be1
Kd4 35.Bf2+ Ke4 36.Bc5 Nc7 37.Bd6 Rxb5 38.axb5 Nxb5 39.Bf8 g6 40.fxg6 hxg6
41.Kg3 d5 42.Be7 f5 43.Kh4 d4 44.Kg5 Nc7 45.Bb4 Ne6+ 46.Kxg6 Nf4+ 47.Kg5 
Nxg2 48.h4 f4 49.h5 f3 50.h6 f2 51.h7 f1=Q 52.h8=Q Qb5+ 53.Kg4 Ne3+ 54.Kg3
Qg5+ 55.Kf2 Qg2+ 56.Ke1 Qf1+ 57.Kd2 Qd1# 0-1

[Event "36th Rilton Cup"]
[Site "Stockholm SWE"]
[Date "2006.12.28"]
[Round "2.20"]
[White "Kolbus, Dietmar"]
[Black "Hansen, Evgenia"]
[Result "1-0"]
[WhiteElo "2397"]
[BlackElo "2173"]
[EventDate "2006.12.27"]
[PlyCount "101"]

1.c4 Nf6 2.Nc3 g6 3.e4 d6 4.d4 Bg7 5.Bd3 c5 6.d5 e6 7.Nge2 exd5 8.exd5 O-O
9.O-O Re8 10.h3 Nbd7 11.f4 a6 12.a4 h6 13.a5 Rb8 14.Ra3 b6 15.axb6 Rxb6 
16.Rb3 Rb4 17.Kh1 Qb6 18.Na4 Qd8 19.Nac3 Qb6 20.Ra3 Nh7 21.b3 f5 22.Na2 
Qd8 23.Nxb4 cxb4 24.Ra2 Nc5 25.Ng3 Qh4 26.Re2 Rxe2 27.Nxe2 Nf6 28.Be3 Nfe4
29.Bxe4 Nxe4 30.Bd4 Bxd4 31.Qxd4 Bd7 32.Kh2 a5 33.Qa7 Qe7 34.Qxa5 Nd2 35.
Re1 Qe3 36.Qd8+ Be8 37.Qh4 Bf7 38.Nc1 Qc3 39.Qg3 Qb2 40.Qf2 Nxc4 41.Re2 
Qxc1 42.Rc2 Qa3 43.bxc4 b3 44.Rc3 Be8 45.Qe3 Ba4 46.Qe6+ Kg7 47.Qe7+ Kg8 
48.Qd8+ Kg7 49.Re3 g5 50.Re7+ Kg6 51.Qg8+ 1-0

[Event "36th Rilton Cup"]
[Site "Stockholm SWE"]
[Date "2006.12.28"]
[Round "2.21"]
[White "Rodrigues, Emmanuel"]
[Black "Leer-Salvesen, Bjarte"]
[Result "0-1"]
[WhiteElo "2159"]
[BlackElo "2389"]
[EventDate "2006.12.27"]
[PlyCount "108"]

1.e4 e6 2.Nf3 d5 3.Nc3 Nf6 4.e5 Nfd7 5.d4 c5 6.dxc5 Bxc5 7.Bd3 Nc6 8.Bf4 
f6 9.exf6 Qxf6 10.Bg3 O-O 11.O-O a6 12.Qe2 Nd4 13.Nxd4 Bxd4 14.Rae1 Nb6 
15.Nd1 Bc5 16.c3 Bd7 17.Be5 Qg5 18.b4 Be7 19.f4 Qh4 20.Bd4 Nc4 21.Rf3 e5 
22.Bxc4 dxc4 23.Bxe5 Rf7 24.Nf2 a5 25.a3 axb4 26.axb4 b5 27.Rg3 Re8 28.Ne4
Bf5 29.Bf6 Rxf6 30.Nxf6+ Qxf6 31.Re3 Kf8 32.Qh5 Qg6 33.Qxg6 Bxg6 34.f5 Bf7
35.Rf1 Bf6 36.g4 Bg5 37.Rxe8+ Bxe8 38.Kf2 h5 39.h3 h4 40.Rd1 Bc6 41.Ke2 
Bf6 42.Rc1 Kg8 43.Kf2 Kh7 44.Rd1 Bxc3 45.Rd6 Be4 46.Ke3 Bb1 47.g5 Bxf5 48.
Rd5 Bxh3 49.Rxb5 Bf1 50.Rf5 Bd3 51.Rf4 Bxb4 52.Rxh4+ Kg6 53.Rg4 Bc5+ 54.
Kd2 Be7 0-1

[Event "36th Rilton Cup"]
[Site "Stockholm SWE"]
[Date "2006.12.28"]
[Round "2.22"]
[White "Furhoff, Johan"]
[Black "Mardell, Jimmy"]
[Result "1-0"]
[WhiteElo "2430"]
[BlackElo "2101"]
[EventDate "2006.12.27"]
[PlyCount "59"]

1.e4 c5 2.Nf3 d6 3.d4 cxd4 4.Nxd4 Nf6 5.Nc3 g6 6.Be3 Bg7 7.f3 O-O 8.Qd2 
Nc6 9.Bc4 Bd7 10.h4 Rc8 11.Bb3 Ne5 12.h5 Nxh5 13.Bh6 Bxh6 14.Qxh6 Rxc3 15.
bxc3 Qc7 16.O-O-O Qxc3 17.Kb1 Nc4 18.Bxc4 Qxc4 19.Rxh5 gxh5 20.Qg5+ Kh8 
21.Qxe7 Qc8 22.Qxd6 Re8 23.Qf6+ Kg8 24.Qg5+ Kf8 25.Qxh5 Qc4 26.Qxh7 Rc8 
27.Qh8+ Ke7 28.Qe5+ Kd8 29.Rh1 Qb4+ 30.Kc1 1-0

[Event "36th Rilton Cup"]
[Site "Stockholm SWE"]
[Date "2006.12.28"]
[Round "2.23"]
[White "Revelj, Oskar"]
[Black "Engqvist, Thomas"]
[Result "0-1"]
[WhiteElo "2171"]
[BlackElo "2405"]
[EventDate "2006.12.27"]
[PlyCount "69"]

1.e4 c6 2.c4 e5 3.Nf3 d6 4.d4 Bg4 5.Be2 Nd7 6.Nc3 Ngf6 7.O-O Be7 8.Be3 O-O
9.Qc2 a6 10.Rfd1 Qb8 11.a4 Bxf3 12.Bxf3 a5 13.Be2 Bd8 14.dxe5 dxe5 15.Rd2 
Be7 16.Rad1 Nc5 17.g4 h6 18.h3 Ne6 19.c5 Bxc5 20.Bxc5 Nxc5 21.Rd6 Ne6 22.
Qd2 Nf4 23.Bf1 N4d5 24.Rxd5 cxd5 25.exd5 Qd6 26.Nb5 Qc5 27.Rc1 Qxd5 28.Qe3
Rac8 29.Re1 Rfe8 30.Nc3 Qd4 31.Qg3 Qd2 32.Rd1 Qxb2 33.Nb5 Rc1 34.Rd6 Ne4 
35.Qd3 0-1

[Event "36th Rilton Cup"]
[Site "Stockholm SWE"]
[Date "2006.12.28"]
[Round "2.24"]
[White "Akesson, Joel"]
[Black "Ostling, Hakan"]
[Result "1/2-1/2"]
[WhiteElo "2366"]
[BlackElo "2070"]
[EventDate "2006.12.27"]
[PlyCount "68"]

1.d4 e6 2.c4 Nf6 3.Nf3 d5 4.Bg5 dxc4 5.Nc3 Nbd7 6.e4 h6 7.Bxf6 Nxf6 8.Bxc4
Be7 9.O-O O-O 10.Qe2 c6 11.Rfd1 b5 12.Bb3 b4 13.Na4 Qa5 14.Rac1 Ba6 15.Qe1
Nd7 16.d5 cxd5 17.exd5 e5 18.Nd4 Bg5 19.Nc6 Qb5 20.Rc2 Rfe8 21.Rc4 e4 22.
Rxb4 Qe2 23.Qxe2 Bxe2 24.Re1 Bd3 25.Rb7 Bd2 26.Rd1 e3 27.fxe3 Bxe3+ 28.Kh1
Nc5 29.Nxc5 Bxc5 30.d6 Re2 31.Rxf7 Kh7 32.Re7 Rf2 33.Rf7 Re2 34.Re7 Rf8 
1/2-1/2

[Event "36th Rilton Cup"]
[Site "Stockholm SWE"]
[Date "2006.12.28"]
[Round "2.25"]
[White "Tikkanen, Hans"]
[Black "Backman, Michael"]
[Result "1-0"]
[WhiteElo "2402"]
[BlackElo "2132"]
[EventDate "2006.12.27"]
[PlyCount "47"]

1.d4 Nf6 2.c4 g6 3.g3 Bg7 4.Bg2 O-O 5.Nf3 d6 6.O-O Nc6 7.Nc3 a6 8.d5 Na5 
9.Nd2 c5 10.Qc2 Rb8 11.b3 b5 12.Rb1 bxc4 13.bxc4 Rxb1 14.Ncxb1 Bf5 15.e4 
Bd7 16.Bb2 Qb6 17.Na3 e5 18.Rb1 Qd8 19.Bc3 Be8 20.Qb2 Nd7 21.Nc2 Bh6 22.
Ne3 f5 23.Qa3 f4 24.Bxa5 1-0

[Event "36th Rilton Cup"]
[Site "Stockholm SWE"]
[Date "2006.12.29"]
[Round "3.1"]
[White "Bellon Lopez, Juan Manuel"]
[Black "Rozentalis, Eduardas"]
[Result "1/2-1/2"]
[WhiteElo "2516"]
[BlackElo "2591"]
[EventDate "2006.12.27"]
[PlyCount "115"]

1.d4 Nf6 2.Bg5 d5 3.Bxf6 gxf6 4.c4 c5 5.cxd5 Qxd5 6.Nf3 cxd4 7.Nc3 Qa5 8.
Nxd4 Bd7 9.e3 Nc6 10.Bb5 O-O-O 11.O-O Nxd4 12.Qxd4 Bxb5 13.Qc5+ Kb8 14.
Qxb5 Qxb5 15.Nxb5 Bg7 16.Rfd1 f5 17.Nc3 Rxd1+ 18.Rxd1 Rc8 19.Rd3 b5 20.Kf1
b4 21.Na4 Rc1+ 22.Ke2 Ra1 23.a3 Kc7 24.Nc5 bxa3 25.bxa3 Kc6 26.Nb3 Ra2+ 
27.Kf3 e5 28.Na5+ Kb6 29.Rd5 Rc2 30.a4 Rc5 31.Rxc5 Kxc5 32.e4 fxe4+ 33.
Kxe4 a6 34.Nb7+ Kb4 35.a5 Kb5 36.g4 Bf6 37.Kd5 e4 38.Nd6+ Kxa5 39.Nxe4 Be7
40.Kc4 Kb6 41.g5 a5 42.h4 a4 43.f4 a3 44.Kb3 Kc6 45.Nf2 Kd5 46.Ng4 Ke6 47.
Nh6 f5 48.Ng8 Bd6 49.Nf6 Bxf4 50.Kxa3 h6 51.Nh5 Bxg5 52.hxg5 hxg5 53.Kb3 
f4 54.Kc3 Kf5 55.Kd2 Kg4 56.Nf6+ Kh3 57.Ke1 g4 58.Nxg4 1/2-1/2

[Event "36th Rilton Cup"]
[Site "Stockholm SWE"]
[Date "2006.12.29"]
[Round "3.2"]
[White "Kotronias, Vassilios"]
[Black "Howell, David"]
[Result "1-0"]
[WhiteElo "2699"]
[BlackElo "2471"]
[EventDate "2006.12.27"]
[PlyCount "95"]

1.e4 e5 2.Nf3 Nc6 3.Bb5 a6 4.Ba4 Nf6 5.O-O Nxe4 6.d4 b5 7.Bb3 d5 8.dxe5 
Be6 9.Be3 Be7 10.c3 Nc5 11.Bc2 Nd7 12.Re1 Ndxe5 13.Nxe5 Nxe5 14.Bd4 Ng6 
15.Bxg7 Rg8 16.Bxg6 Rxg7 17.Rxe6 hxg6 18.Re2 Kf8 19.a4 b4 20.Nd2 bxc3 21.
bxc3 Bf6 22.Qc2 c6 23.Rb1 Rg8 24.Nf3 Kg7 25.Rbe1 Qd7 26.Ne5 Bxe5 27.Rxe5 
Rge8 28.Qe2 Rxe5 29.Qxe5+ Kg8 30.h4 Rd8 31.h5 Qd6 32.Qg5 c5 33.hxg6 fxg6 
34.Qg4 Kf7 35.Qh4 d4 36.Qh7+ Kf6 37.cxd4 cxd4 38.Re4 d3 39.Rg4 Kf5 40.Qh4 
Rg8 41.Qg5+ Ke6 42.Qe3+ Kf7 43.Rd4 Qc7 44.Rf4+ Kg7 45.Qd4+ Kh6 46.Qf6 Qc1+
47.Kh2 Qc7 48.g3 1-0

[Event "36th Rilton Cup"]
[Site "Stockholm SWE"]
[Date "2006.12.29"]
[Round "3.3"]
[White "Berczes, David"]
[Black "Hansen, Lars Bo"]
[Result "1/2-1/2"]
[WhiteElo "2415"]
[BlackElo "2575"]
[EventDate "2006.12.27"]
[PlyCount "53"]

1.d4 d5 2.c4 c6 3.Nc3 Nf6 4.e3 e6 5.Nf3 Nbd7 6.Qc2 Bd6 7.g4 Nxg4 8.Rg1 f5 
9.h3 Ngf6 10.Rxg7 Ne4 11.Bd2 Qf6 12.Rg2 Nf8 13.O-O-O Bd7 14.Bd3 Ng6 15.
Rdg1 a6 16.h4 Nxd2 17.Qxd2 b5 18.h5 Ne7 19.cxd5 cxd5 20.Ne2 Nc6 21.Kb1 Kf7
22.Ng5+ Ke7 23.f4 Qh6 24.Nf3 Kf7 25.Ng5+ Ke7 26.Nf3 Kf7 27.Ng5+ 1/2-1/2

[Event "36th Rilton Cup"]
[Site "Stockholm SWE"]
[Date "2006.12.29"]
[Round "3.4"]
[White "Nyback, Tomi"]
[Black "Kolbus, Dietmar"]
[Result "1-0"]
[WhiteElo "2606"]
[BlackElo "2397"]
[EventDate "2006.12.27"]
[PlyCount "115"]

1.Nf3 Nf6 2.c4 g6 3.Nc3 c5 4.e4 d6 5.d4 cxd4 6.Nxd4 Bg7 7.Be2 Nc6 8.Be3 
Bd7 9.Qd2 O-O 10.O-O Nxd4 11.Bxd4 Bc6 12.f3 Nd7 13.Be3 b6 14.Rac1 Rc8 15.
Rfd1 Re8 16.Bf1 Qc7 17.Nd5 Qb8 18.Bg5 Kf8 19.Qf2 Bxd5 20.exd5 Bf6 21.Be3 
Kg8 22.f4 Rc7 23.b3 Qb7 24.g3 Bg7 25.Bh3 Nc5 26.Qe2 Qb8 27.b4 Nd7 28.Qd3 
Qb7 29.Rc2 Rd8 30.Rb1 Nf6 31.a4 Qb8 32.Rcc1 Qa8 33.Qa3 Rb8 34.a5 Qb7 35.
Qd3 Rd8 36.axb6 axb6 37.Ra1 Qb8 38.Ra6 Rb7 39.Rca1 Qc7 40.Ra8 Nd7 41.Rxd8+
Qxd8 42.Ra6 Nb8 43.Ra8 Qc7 44.Qa3 Qxc4 45.Bf1 Qxd5 46.Qd3 Qc6 47.Bg2 Qc8 
48.Qa6 Qc3 49.Bxb7 Qxe3+ 50.Kg2 Qd2+ 51.Kh3 Bd4 52.Qa7 Kg7 53.Qxb8 Qd3 54.
Qh8+ Kh6 55.Qf8+ Bg7 56.Qxe7 Qf5+ 57.g4 Qd3+ 58.Kh4 1-0

[Event "36th Rilton Cup"]
[Site "Stockholm SWE"]
[Date "2006.12.29"]
[Round "3.5"]
[White "Gleizerov, Evgeny"]
[Black "Furhoff, Johan"]
[Result "1-0"]
[WhiteElo "2560"]
[BlackElo "2430"]
[EventDate "2006.12.27"]
[PlyCount "91"]

1.d4 Nc6 2.d5 Ne5 3.e4 e6 4.dxe6 fxe6 5.Nc3 g6 6.h4 Bg7 7.f4 Nf7 8.Nf3 d6 
9.h5 Qe7 10.Bd3 Bd7 11.Be3 gxh5 12.Rxh5 Bxc3+ 13.bxc3 Nf6 14.Rh4 e5 15.Bc4
Be6 16.Bxe6 Qxe6 17.f5 Qe7 18.g4 Nxe4 19.Qd5 Nxc3 20.Qxb7 O-O 21.Qb3 e4 
22.Ng5 Qe5 23.Kd2 Nd5 24.Nxf7 Rxf7 25.Rah1 c5 26.Rh6 c4 27.Qxc4 Rc7 28.Qb3
Rac8 29.Rc1 Rc3 30.Qb7 R3c7 31.Qb3 Rc3 32.Qb7 Rxc2+ 33.Rxc2 Rxc2+ 34.Kxc2 
Qc3+ 35.Kb1 Qd3+ 36.Ka1 Qd1+ 37.Qb1 Qxb1+ 38.Kxb1 Nxe3 39.Rxd6 Nxg4 40.
Rd8+ Kg7 41.Rd7+ Kf6 42.Rxh7 a5 43.Ra7 Ne5 44.Rxa5 e3 45.Kc2 e2 46.Ra6+ 
1-0

[Event "36th Rilton Cup"]
[Site "Stockholm SWE"]
[Date "2006.12.29"]
[Round "3.6"]
[White "Berczes, Csaba"]
[Black "Hillarp Persson, Tiger"]
[Result "1-0"]
[WhiteElo "2414"]
[BlackElo "2600"]
[EventDate "2006.12.27"]
[PlyCount "119"]

1.e4 c5 2.Nf3 d6 3.c3 Nf6 4.Bb5+ Bd7 5.Bxd7+ Qxd7 6.d3 Nc6 7.O-O e6 8.a3 
Be7 9.b4 c4 10.Re1 cxd3 11.Qxd3 O-O 12.Bb2 Rfd8 13.Nbd2 Ne5 14.Nxe5 dxe5 
15.Qxd7 Nxd7 16.Rad1 Nb6 17.Kf1 Bg5 18.Nb1 Nc4 19.Bc1 Bxc1 20.Rxd8+ Rxd8 
21.Rxc1 f5 22.Ke2 Kf7 23.Rc2 Kf6 24.a4 Rc8 25.Nd2 g5 26.f3 Nxd2 27.Kxd2 h5
28.c4 g4 29.c5 gxf3 30.gxf3 Rd8+ 31.Ke3 Rd4 32.b5 Ke7 33.c6 bxc6 34.bxc6 
Kd8 35.a5 Kc7 36.Rc5 fxe4 37.fxe4 Ra4 38.Rxe5 Kd6 39.Rc5 Kc7 40.Kf4 h4 41.
h3 Ra3 42.Kg4 Ra4 43.Kxh4 Rxe4+ 44.Kg5 Re1 45.h4 e5 46.h5 e4 47.Kf4 e3 48.
Kf3 a6 49.Ke4 e2 50.Ke3 Rh1 51.Kxe2 Rh3 52.Kf2 Rd3 53.Kg2 Re3 54.h6 Re8 
55.Kf3 Rh8 56.Rh5 Kxc6 57.h7 Kd6 58.Ke4 Ke6 59.Rh1 Kf6 60.Kd5 1-0

[Event "36th Rilton Cup"]
[Site "Stockholm SWE"]
[Date "2006.12.29"]
[Round "3.7"]
[White "Fontaine, Robert"]
[Black "Tikkanen, Hans"]
[Result "1/2-1/2"]
[WhiteElo "2557"]
[BlackElo "2402"]
[EventDate "2006.12.27"]
[PlyCount "67"]

1.e4 c5 2.Nf3 Nc6 3.Bb5 g6 4.O-O Bg7 5.c3 Nf6 6.e5 Nd5 7.d4 cxd4 8.cxd4 
O-O 9.Nc3 Nxc3 10.bxc3 d6 11.Re1 Qc7 12.exd6 exd6 13.Bf4 Bf5 14.Rc1 a6 15.
Bd3 Bxd3 16.Qxd3 Rfe8 17.Nd2 Rxe1+ 18.Rxe1 Qd8 19.Ne4 d5 20.Nc5 b5 21.Qg3 
a5 22.Bc7 Qf8 23.Nd7 Re8 24.Rf1 Qe7 25.Nb6 Qe6 26.Qd6 b4 27.cxb4 axb4 28.
Qxd5 Bxd4 29.Qf3 Qe2 30.Nd5 Qxf3 31.gxf3 Re2 32.Bd6 Rxa2 33.Nxb4 Nxb4 34.
Bxb4 1/2-1/2